Plain Countriess - Statistics

General Stats
  • This quiz has been taken 5 times
  • The average score is 18 of 57
Answer Stats
Answer % Correct
Iran
80%
Iraq
80%
Mali
80%
Mongolia
80%
Botswana
60%
Chad
60%
Lesotho
60%
Namibia
60%
Pakistan
60%
Afghanistan
40%
Algeria
40%
Angola
40%
Benin
40%
Cameroon
40%
Eswatini
40%
Gambia
40%
Ghana
40%
India
40%
Kazakhstan
40%
Liberia
40%
Libya
40%
Niger
40%
Nigeria
40%
Oman
40%
Senegal
40%
Sudan
40%
Yemen
40%
Zimbabwe
40%
Central African Republic
20%
Djibouti
20%
Egypt
20%
Eritrea
20%
Ethiopia
20%
Gabon
20%
Iceland
20%
Kyrgyzstan
20%
Madagascar
20%
Mauritania
20%
Morocco
20%
Mozambique
20%
Sierra Leone
20%
Somalia
20%
South Sudan
20%
Tajikistan
20%
Tanzania
20%
Turkey
20%
Uzbekistan
20%
Zambia
20%
Burkina Faso
0%
Demo Republic Of The Congo
0%
Equatorial Guinea
0%
Finland
0%
Mauritius
0%
Norway
0%
Saudi Arabia
0%
Sweden
0%
Western Sahara
0%
No matching quizzes found
Score Distribution
Percent of People with Each Score
Percentile by Number Answered
Your Score History
You have not taken this quiz